Marco orientador del sector industrial para el periodo 1982 1983

שמור ב:
מידע ביבליוגרפי
מחבר ראשי: Corrales Harley, William
פורמט: Texto
יצא לאור: San José: s.d.
תגים: הוספת תג
אין תגיות, היה/י הראשונ/ה לתייג את הרשומה!

MARC

LEADER 00000 a a2200000 04500
001 21215
003
040
090 |a 092500  
100 |a Corrales Harley, William  
245 |a Marco orientador del sector industrial para el periodo 1982 1983  
260 |a San José:   |b s.d.  
300 |a 23 p.  
999 |c 11395  |d 11395